000 00630nam a22002177a 4500
003 BUBTL
008 171121b xxu||||| |||| 00| 0 eng d
020 _a9788131725153
082 _a658/ H638m/ 2010
100 _91529
_aHitt, Michael A.
245 _aManagement
_cMichael A. Hitt,
250 _a2nd
260 _aNew Delhi
_bPearson
_cc2010
300 _a[xviii], 533p . :
_bill. Graph ; 29cm .
500 _aIncludes Index .
650 0 _939
_aManagement
700 _91532
_aMichael A. Hitt, J. Stewart Black and Lyman W. Porter
856 _k0
_l0
_yDownload
942 _2ddc
_cBK
999 _c5554
_d5554